000 01811nam a22003497a 4500
001 103516
003 KnowledgeUnlatched
005 20210303105050.0
006 m o d
007 cr u||||||||||
008 210129p20182019xx o u00| u ger d
037 _5BiblioBoard
245 0 4 _aDie Wiener Stadtbücher 1395-1430
_bTeil 5: 1418-1421 /
_cGerhard Jaritz.
020 _a9783205208372
029 1 _ahttps://library.biblioboard.com/ext/api/media/c3137677-6437-478b-894c-0a5932262f30/assets/thumbnail.jpg
040 _aScCtBLL
_cScCtBLL
506 0 _aAccess copy available to the general public.
_fUnrestricted
_2star
700 1 _aJaritz, Gerhard
_eeditor.
264 1 _bBöhlau,
300 _a1 online resource (466 p.)
520 _aDas "Wiener Stadtbuch" stellt eine Rechtsquelle ersten Ranges dar. Die Aufzeichnungen über das Rechtsleben einer der größten Städte Mitteleuropas spannen sich von 1395-1430. Der vorliegende 5. Teil enthält die Eintragungen der Jahre 1418-1421. Bis zum Abschluss der Edition werden noch zwei weitere Bände erscheinen. Der letzte Teil wird eine ausführliche Beschreibung der Handschrift und detaillierte editionskritische Bemerkungen sowie umfassende Register enthalten.
588 0 _aDescription based on print version record.
590 _aKU Open Services
650 7 _aLaw
_2bisacsh
650 0 _aLaw
655 0 _aElectronic books.
758 _iIs found in:
_aKnowledge Unlatched
_1https://openresearchlibrary.org/module/2774bc74-146a-484f-a7ba-ab1d6a09bbfb
856 4 0 _uhttps://openresearchlibrary.org/content/c3137677-6437-478b-894c-0a5932262f30
_zView this content on Open Research Library.
_70
999 _c33472
_d33472